000 00535nam a22001817a 4500
005 20250310125104.0
008 250310b |||||||| |||| 00| 0 eng d
020 _a9780071101769
050 _aHM585
_b.H84 HUG
100 _aHughes Michael
245 _aSociology:
_bthe core/
_cMichael Hughes & Carolyn J. Kroehler
250 _a8th Ed.
260 _aBoston
_bMcGraw-Hill
_c2008
300 _axxxii. (various pagings)
_bill. (some col.)
_c21 cm
650 _2Sociology
700 _aKroehler Carolyn J.
942 _2lcc
_cBK
_e8th Ed.
_n0
999 _c4646
_d4646